| 000 | 00442nam a22001337a 4500 | ||
|---|---|---|---|
| 003 | NUST | ||
| 082 |
_a004 _bAKH |
||
| 100 |
_aAlmas Akhtar _9122525 |
||
| 245 |
_aCarbon Footprint Estimation Using Remote Sensing in the World’s Top Six Climate Vulnerable Cities / _cAkhtar, Almas |
||
| 264 |
_aIslamabad _bSINES, (NUST) _c2024. |
||
| 300 |
_ap. ; 208 _c35cm |
||
| 856 | _uhttp://10.250.8.41:8080/xmlui/handle/123456789/43193 | ||
| 942 |
_2ddc _cTHE |
||
| 999 |
_c609006 _d609006 |
||